• 首页
  • 本馆介绍
  • 公告通知
  • 最新文献
  • 馆藏检索
  • 电子资源
  • 读者导购
  • 参考咨询
  • 我的图书馆
  • 登录
  • 详细信息显示
  • 放入我的书架
  • 预约/预借图书
  • 作者相关作品
  • 分类相关作品
  • 丛书相关作品
  • 出版社相关作品

书目信息

  • 表格格式
  • 工作单格式
  • 卡片格式
题名:
麻风病院的世界
    
 
作者: 张德明 编
分册:  
出版信息: 北京   人民日报出版社  1988.8
页数: 394页
开本: 19厘米
丛书名: 万象丛书
单 册:
中图分类: I253 , I247.7
科图分类:
主题词: 小说--中国
电子资源:
ISBN: 7-80002-054-1
000 00690nam2 2200253 450
001 1551874220
005 20150121142450.70
010    @a7-80002-054-1@dCNY2.80
020    @aCN@b89026624
100    @a19911017d1988 m y0chiy0110 ea
101 0  @achi
102    @aCN@b110000
105    @ay z 000zy
200 1  @a麻风病院的世界@9ma feng bing yuan de shi jie@e台湾报导文学精选@f张德明编
210    @a北京@c人民日报出版社@d1988.8
215    @a394页@d19厘米
225 2  @a万象丛书
461  0 @12001 @a万象丛书
606 0  @a小说@x中国
690    @aI253@v1980
690    @aI247.7@v4
701  0 @a张德明@9zhang de ming@4编
801  0 @aCN@bTSSF@c20150121
905    @aZUCC@dI247.7@eJY26
    
    麻风病院的世界:台湾报导文学精选/张德明编.-北京:人民日报出版社,1988.8
    394页;19厘米.-(万象丛书)
    
    
    ISBN 7-80002-054-1:CNY2.80
    
●
相关链接 在E读中查询图书 在五车中查询图书 在当当中查询图书 在豆瓣中查询图书


正题名:麻风病院的世界     索取号:I247.7/JY26         预约/预借

序号 登录号 条形码 馆藏地/架位号 状态 备注
1 7856470   278564705   学院路分馆/ [索取号:I247.7/JY26] 在馆    
唐山师范学院图书馆 欢迎您!
大连网信软件有限公司© 版权所有